000 00476pab a2200169 454500
008 180718b1996 xxu||||| |||| 00| 0 eng d
100 _aBielefeld, Wolfgang
245 _aThe institutionalization of nonprofit human service delivery: the role of political culture
260 _c1996
300 _ap.362-89
362 _aNov
650 _aPolitical culture
650 _aSocial work
700 _aCorbin, John J.
773 _aAdministration and Society
909 _a32730
999 _c32730
_d32730